000 00733nam a2200241Ia 4500
999 _c44268
_d44268
003 GCL
005 20240530104040.0
008 140319s9999 xx 000 0 ara d
040 _aGCL /
_cGCL
082 0 4 _a940.1
_bم م
100 1 _aعبدالعزيز توفيق جاويد
245 1 0 _aميلاد العصور الوسطى 395 - 814 /
_cعبدالعزيز توفيق جاويد
300 _a448
490 _aالالف كتاب
_v0
650 0 4 _aالتاريخ
650 0 4 _aالقرون الوسطى
650 0 4 _aالقرن السادس عشر
650 0 4 _aالقرن السابع عشر
650 0 4 _aالقرن الثامن عشر
700 1 _aموسى, ب
700 1 _aسانت، هـ
942 _2ddc
_cBK